Statistics for One Country By Letter By Continent Map Quiz

Click here to take the quiz!

General Stats

  • This quiz has been taken 33 times
  • The average score is 189 of 196

Answer Stats

Country % Correct
Pakistan
100%
Philippines
100%
Canada
100%
United States
100%
Cuba
100%
Costa Rica
100%
North Macedonia
97%
Netherlands
97%
New Zealand
97%
Nicaragua
97%
Niger
97%
Nigeria
97%
North Korea
97%
Afghanistan
97%
Norway
97%
Oman
97%
Nauru
97%
Palau
97%
Panama
97%
Papua New Guinea
97%
Paraguay
97%
Peru
97%
Poland
97%
Nepal
97%
Namibia
97%
Qatar
97%
Mali
97%
Liberia
97%
Albania
97%
Liechtenstein
97%
Lithuania
97%
Luxembourg
97%
Madagascar
97%
Malawi
97%
Malaysia
97%
Maldives
97%
Malta
97%
Myanmar
97%
Mauritania
97%
Mauritius
97%
Mexico
97%
Moldova
97%
Monaco
97%
Mongolia
97%
Montenegro
97%
Morocco
97%
Mozambique
97%
Portugal
97%
Russia
97%
Republic of the Congo
97%
Tuvalu
97%
Tajikistan
97%
Tanzania
97%
Thailand
97%
Togo
97%
Tonga
97%
Tunisia
97%
Turkey
97%
Turkmenistan
97%
Uganda
97%
Syria
97%
Ukraine
97%
United Arab Emirates
97%
United Kingdom
97%
Uruguay
97%
Uzbekistan
97%
Venezuela
97%
Vietnam
97%
Yemen
97%
Zambia
97%
Taiwan
97%
Switzerland
97%
Romania
97%
Sierra Leone
97%
Laos
97%
Rwanda
97%
San Marino
97%
São Tomé and Príncipe
97%
Saudi Arabia
97%
Senegal
97%
Serbia
97%
Seychelles
97%
Singapore
97%
Sweden
97%
Slovakia
97%
Slovenia
97%
Somalia
97%
South Africa
97%
South Korea
97%
South Sudan
97%
Spain
97%
Sri Lanka
97%
Sudan
97%
Lesotho
97%
Libya
97%
Latvia
97%
China
97%
Burkina Faso
97%
Burundi
97%
Cambodia
97%
Cameroon
97%
Cape Verde
97%
Central African Republic
97%
Chad
97%
Chile
97%
Colombia
97%
Brunei
97%
Comoros
97%
Croatia
97%
Cyprus
97%
Czech Republic
97%
Democratic Republic
of the Congo
97%
Denmark
97%
Djibouti
97%
Laos | Lebanon
97%
Dominica
97%
Bulgaria
97%
Brazil
97%
Ecuador
97%
Bahamas
97%
Algeria
97%
Andorra
97%
Angola
97%
Argentina
97%
Armenia
97%
Australia
97%
Austria
97%
Azerbaijan
97%
Bahrain
97%
Botswana
97%
Bangladesh
97%
Barbados
97%
Belarus
97%
Belgium
97%
Belize
97%
Benin
97%
Bhutan
97%
Bolivia
97%
Bosnia and
Herzegovina
97%
Dominican Republic
97%
Zimbabwe
97%
Egypt
97%
Israel
97%
Japan
97%
Greece
97%
Grenada
97%
Guatemala
97%
Ivory Coast
97%
Italy
97%
Ireland
97%
Jordan
97%
Haiti
97%
Honduras
97%
Hungary
97%
Iceland
97%
India
97%
Indonesia
97%
Germany
97%
Kazakhstan
97%
Iraq
97%
Estonia
97%
Kyrgyzstan
97%
Equatorial Guinea
97%
Eritrea
97%
Kuwait
97%
Kosovo
97%
Eswatini
97%
Ethiopia
97%
Federated States of
Micronesia
97%
Fiji
97%
Finland
97%
France
97%
Iran
97%
Kenya
94%
Antigua and Barbuda
94%
Kiribati
94%
Guyana
94%
Trinidad and Tobago
94%
Solomon Islands
94%
El Salvador
94%
Samoa
94%
Gabon
94%
Gambia
94%
Georgia
94%
Ghana
94%
Guinea | Guinea-Bissau
94%
Guinea-Bissau
94%
Suriname
94%
Jamaica
90%
Vanuatu
90%
Saint Vincent and the
Grenadines
90%
Saint Lucia
90%
Saint Kitts and Nevis
90%
Vatican City
87%
East Timor
84%
Marshall Islands
84%

Score Distribution

Percentile by Number Answered

Percent of People with Each Score

Your Score History

You have not taken this quiz